Statistiken für Deutsche Songs schlecht beschrieben - Teil 3

Klicken Sie hier um das Quiz zu spielen!

Allgemein

  • Dieses Quiz wurde 123 mal gespielt
  • Das Durchschnittsergebnis liegt bei 8 aus 15

Antwortstatistiken

HintAntwort% Korrekt
Es wird wach geblieben bis die Zuckerwatte am Himmel eine bestimmte Farbe angenommen habenLila Wolken - Materia, Yasha, Miss Plantum
84%
Aufzählung wie nützlich ein bestimmter Rohstoff aus dem Wald istHolz - 257ers
81%
Gruppe gibt zu, dass denen die ganzen Dinge gar nicht gehörenAlles nur geklaut - Die Prinzen
79%
Typ hat null Plan, wie er von seiner Liebe unter so vielen gefunden werden konnte.80 Millionen - Max Giesinger
75%
Eine rockige Hommage an einen österreichischen KomponistenRock me Amadeus - Falco
69%
Mann zählt Orte in Amerika auf, die er noch nie besucht hatIch war noch niemals in New York - Udo Jürgens
68%
Ein Song über SongsLieder - Adel Tawil
68%
Empfehlung, dass man die Menschen einfach lästern lassen soll, da sie es eh machen.Lasse redn - Die Ärzte
62%
Jemand befindet sich abseits des blauen Planeten ohne SchwerkraftMajor Tom - Peter Schilling
61%
Song über zwei Händevoll Kräuterschnäpse10 kleine Jägermeister - Die toten Hosen
58%
Mann verflucht es in eine Person verliebt zu seinVerdammt ich lieb dich - Matthias Reim
39%
Der Grund warum man aus dem Mutterleib heraus gekommen ist.Geboren um zu leben - Unheilig
35%
Song über eine sehr glückliche scheinende FrauDie immer lacht - Kerstin Ott
23%
Typ schert sich nicht drum, dass er kein Geld und keine Arbeit hatIs mir egal - Kazim Akboga
14%
Meme Song über Umweltverschmutzung und Lebensraumzerstörung der WaldwichteFichtl's Lied - Die Woodys
10%

Verteilung der Resultate

Perzentil nach korrekt beantworteten Fragen

Anzahl Personen mit jedem Resultat

Ihre Resultats-Entwicklung

Sie haben dieses Quiz noch nicht gespielt